[Event "Split op 9th"]
[Site "Split"]
[Date "2019.08.03"]
[Round "1"]
[White "Van der Linden, Lucas"]
[Black "Grguric, Daria"]
[Result "1-0"]
[WhiteElo "2329"]
[BlackElo "1857"]
[PlyCount "79"]
[EventDate "2019.08.03"]
[EventType "swiss"]
[EventRounds "9"]
[EventCountry "CRO"]
[SourceTitle "CBM 191 Extra"]
[Source "ChessBase"]
[SourceDate "2019.09.30"]
[SourceVersion "1"]
[SourceVersionDate "2019.09.30"]
[SourceQuality "1"]

1. Nf3 e6 2. c4 d5 3. d4 c6 4. Qc2 Nf6 5. g3 Ne4 6. Bg2 Bd6 7. 0-0 Nd7 8. b3 Qe7 9. Bb2 f5 10. Ne5 0-0 11. Nd2 Ndf6 12. Ndf3 Bd7 13. Nd3 g5 14. Nfe5 g4 15. f3 Ng5 16. c5 Bc7 17. Bc1 Qg7 18. Bf4 Be8 19. Qd2 h6 20. Qe3 gxf3 21. exf3 Nh5 22. Rfe1 Rf6 23. Kf2 Rc8 24. Bf1 Nf7 25. Nxf7 Bxf7 26. Bxc7 Rxc7 27. Qe5 Be8 28. b4 Rg6 29. a4 a6 30. Rab1 Re7 31. Qxg7+ Rgxg7 32. Ne5 f4 33. g4 Nf6 34. h4 Nd7 35. Nd3 Nf8 36. Nxf4 Rgf7 37. Kg3 Rxf4 38. Kxf4 Ng6+ 39. Kg3 Bf7 40. Bd3 1-0

[Event "CRO-chT (Women)"]
[Site "Sibenik"]
[Date "2016.10.12"]
[Round "6.1"]
[White "Petricevic, Marija"]
[Black "Grguric, Daria"]
[Result "1/2-1/2"]
[WhiteElo "1598"]
[BlackElo "1919"]
[PlyCount "62"]
[EventDate "2016.10.08"]
[EventType "team-tourn"]
[EventRounds "9"]
[EventCountry "CRO"]
[SourceTitle "EXT 2017"]
[Source "ChessBase"]
[SourceDate "2016.10.25"]
[SourceVersion "1"]
[SourceVersionDate "2016.10.25"]
[SourceQuality "1"]
[WhiteTeam "Vinkovci (W)"]
[BlackTeam "Rijeka Junior (W)"]
[WhiteTeamCountry "CRO"]
[BlackTeamCountry "CRO"]

1. d4 d5 2. Nf3 Nf6 3. Bf4 a6 4. e3 Nbd7 5. Bd3 c5 6. c3 g6 7. Nbd2 Bg7 8. 0-0 0-0 9. a4 Nh5 10. Bg5 Qe8 11. Be2 Nhf6 12. Bf4 h6 13. h4 Nh7 14. e4 cxd4 15. cxd4 dxe4 16. Nxe4 Nhf6 17. Nc3 Qd8 18. Qd2 Kh7 19. Rfd1 Nb6 20. Ne5 Nbd5 21. Bh2 Bd7 22. Bf3 e6 23. Rdc1 Rc8 24. Nxd7 Qxd7 25. Nxd5 Nxd5 26. b3 Rfd8 27. Rxc8 Rxc8 28. Rd1 b5 29. axb5 axb5 30. Be5 Nc3 31. Bxg7 Kxg7 1/2-1/2

[Event "CRO-chT (Women)"]
[Site "Sibenik"]
[Date "2016.10.11"]
[Round "5.4"]
[White "Grguric, Daria"]
[Black "Macek, Vlasta"]
[Result "1/2-1/2"]
[WhiteElo "1919"]
[BlackElo "2163"]
[PlyCount "36"]
[EventDate "2016.10.08"]
[EventType "team-tourn"]
[EventRounds "9"]
[EventCountry "CRO"]
[SourceTitle "EXT 2017"]
[Source "ChessBase"]
[SourceDate "2016.10.25"]
[SourceVersion "1"]
[SourceVersionDate "2016.10.25"]
[SourceQuality "1"]
[WhiteTeam "Rijeka Junior (W)"]
[BlackTeam "Zagreb Mladost (W)"]
[WhiteTeamCountry "CRO"]
[BlackTeamCountry "CRO"]

1. d4 Nf6 2. Bf4 g6 3. e3 Bg7 4. h3 0-0 5. Nf3 d6 6. Be2 Nbd7 7. Bh2 b6 8. 0-0 Bb7 9. c4 e6 10. Nc3 Qe7 11. Rc1 Rfd8 12. b4 Ne8 13. a3 Ndf6 14. Qc2 a5 15. b5 Nd7 16. Na4 c6 17. c5 dxc5 18. dxc5 bxc5 1/2-1/2

[Event "CRO-chT (Women)"]
[Site "Sibenik"]
[Date "2016.10.09"]
[Round "3.4"]
[White "Grguric, Daria"]
[Black "Hlavac, Iva"]
[Result "0-1"]
[WhiteElo "1919"]
[BlackElo "1922"]
[PlyCount "74"]
[EventDate "2016.10.08"]
[EventType "team-tourn"]
[EventRounds "9"]
[EventCountry "CRO"]
[SourceTitle "EXT 2017"]
[Source "ChessBase"]
[SourceDate "2016.10.25"]
[SourceVersion "1"]
[SourceVersionDate "2016.10.25"]
[SourceQuality "1"]
[WhiteTeam "Rijeka Junior (W)"]
[BlackTeam "Djakovo Dama (W)"]
[WhiteTeamCountry "CRO"]
[BlackTeamCountry "CRO"]

1. d4 d5 2. e3 c6 3. Bd3 Nf6 4. Nd2 g6 5. Ngf3 Bg7 6. Ne5 0-0 7. f4 Nbd7 8. c3 c5 9. 0-0 c4 10. Bc2 e6 11. g4 Nxe5 12. fxe5 Nd7 13. e4 b5 14. Qf3 Bb7 15. b3 Qb6 16. Rf2 f6 17. Ba3 Rf7 18. g5 f5 19. exf5 exf5 20. Re1 Qe6 21. bxc4 bxc4 22. Nxc4 dxc4 23. Qxb7 Nb6 24. Qf3 Rd8 25. Bd6 Rxd6 26. Ref1 Rd8 27. h4 Qe7 28. Be4 Rdf8 29. Bc6 h6 30. gxh6 Bxh6 31. Rg2 Rg7 32. Qe2 Qe6 33. Qf3 Rc8 34. d5 Qxe5 35. Re2 Qf6 36. Rfe1 Kh7 37. Re6 Qxh4 0-1

[Event "CRO-chT (Women) 24th"]
[Site "Bol"]
[Date "2015.10.07"]
[Round "6.23"]
[White "Grguric, Daria"]
[Black "Macek, Vlasta"]
[Result "0-1"]
[WhiteElo "1911"]
[BlackElo "2184"]
[PlyCount "102"]
[EventDate "2015.10.03"]
[EventType "team-tourn"]
[EventRounds "9"]
[EventCountry "CRO"]
[SourceTitle "CBM 168 Extra"]
[Source "ChessBase"]
[SourceDate "2015.10.29"]
[SourceVersion "1"]
[SourceVersionDate "2015.10.29"]
[SourceQuality "1"]
[WhiteTeam "Rijeka Junior (W)"]
[BlackTeam "Zagreb Mladost (W)"]
[WhiteTeamCountry "CRO"]
[BlackTeamCountry "CRO"]

1. d4 Nf6 2. Bf4 g6 3. e3 Bg7 4. Nf3 d6 5. Be2 Nbd7 6. Nbd2 c5 7. c3 a6 8. h3 b6 9. Qc2 Bb7 10. 0-0 0-0 11. e4 Ne8 12. d5 b5 13. c4 Nc7 14. h4 Nb6 15. h5 Bc8 16. Qb3 Nxc4 17. Bxc4 bxc4 18. Nxc4 Nb5 19. a4 Nd4 20. Nxd4 Bxd4 21. Qg3 Bg7 22. Rab1 a5 23. Nxd6 exd6 24. Bxd6 Re8 25. Rfe1 c4 26. Bc7 Qd7 27. d6 Qxa4 28. e5 Bf5 29. Ra1 Qb5 30. f4 a4 31. Qf2 gxh5 32. Ra3 Qd7 33. Qf3 Bd3 34. Qxh5 Ra7 35. Qf3 Rc8 36. g4 Rcxc7 37. dxc7 Qxc7 38. Kg2 Bf8 39. Raa1 Qb8 40. Ra2 Qb3 41. Rea1 Qc2+ 42. Kg3 Be4 43. Qf2 Qb3+ 44. Kh4 Ra6 45. g5 Bf5 46. Qg2 Bc2 47. Qf2 Qd3 48. Re1 Bb3 49. Raa1 Bb4 50. Re3 Bc5 51. Rxd3 Bxf2+ 0-1

[Event "Zupanja op 4th"]
[Site "Zupanja"]
[Date "2010.08.20"]
[Round "1"]
[White "Grguric, Daria"]
[Black "Runic, Zoran"]
[Result "0-1"]
[WhiteElo "1913"]
[BlackElo "2379"]
[PlyCount "38"]
[EventDate "2010.08.20"]
[EventType "swiss"]
[EventRounds "6"]
[EventCountry "CRO"]
[SourceTitle "CBM 138 Extra"]
[Source "ChessBase"]
[SourceDate "2010.10.29"]
[SourceVersion "1"]
[SourceVersionDate "2010.10.29"]
[SourceQuality "1"]

1. d4 Nf6 2. Nf3 g6 3. c4 c5 4. Nc3 cxd4 5. Nxd4 Bg7 6. e3 0-0 7. Be2 Nc6 8. f4 d5 9. Nxc6 bxc6 10. 0-0 Rb8 11. Qa4 Qb6 12. Kh1 Bf5 13. h3 Ne4 14. Nxe4 Bxe4 15. cxd5 cxd5 16. Bf3 Bxf3 17. gxf3 Rfc8 18. Qd1 Qe6 19. Kg2 Bxb2 0-1

[Event "Mediterranean op 3rd"]
[Site "Rijeka"]
[Date "2009.11.30"]
[Round "4"]
[White "Grguric, Daria"]
[Black "Padjen, Zdenko"]
[Result "1/2-1/2"]
[WhiteElo "1884"]
[BlackElo "2082"]
[PlyCount "48"]
[EventDate "2009.11.27"]
[EventType "swiss"]
[EventRounds "9"]
[EventCountry "CRO"]
[SourceTitle "CBM 133 Extra"]
[Source "ChessBase"]
[SourceDate "2010.01.05"]
[SourceVersion "1"]
[SourceVersionDate "2010.01.05"]
[SourceQuality "1"]

1. d4 f5 2. Nc3 Nf6 3. Bg5 Nc6 4. e3 e6 5. e4 fxe4 6. Nxe4 Be7 7. Bxf6 Bxf6 8. Nf3 0-0 9. c3 d5 10. Ng3 e5 11. dxe5 Nxe5 12. Nxe5 Bxe5 13. Be2 Be6 14. 0-0 Qg5 15. Bf3 c6 16. Qe2 Rae8 17. Rae1 Bf4 18. Qd1 Bc7 19. Re2 Rf6 20. Rfe1 Kf7 21. Qd3 Rh6 22. Qe3 Qh4 23. h3 Bb6 24. Qe5 Rf6 1/2-1/2

[Event "Mediterranean op 3rd"]
[Site "Rijeka"]
[Date "2009.11.29"]
[Round "3"]
[White "Levar, Nenad"]
[Black "Grguric, Daria"]
[Result "1-0"]
[WhiteElo "2138"]
[BlackElo "1884"]
[PlyCount "89"]
[EventDate "2009.11.27"]
[EventType "swiss"]
[EventRounds "9"]
[EventCountry "CRO"]
[SourceTitle "CBM 133 Extra"]
[Source "ChessBase"]
[SourceDate "2010.01.05"]
[SourceVersion "1"]
[SourceVersionDate "2010.01.05"]
[SourceQuality "1"]

1. d4 e6 2. Nf3 Nf6 3. g3 d5 4. Bg2 Be7 5. 0-0 0-0 6. Nbd2 c6 7. c4 Nbd7 8. Qc2 Re8 9. e4 dxe4 10. Nxe4 Nxe4 11. Qxe4 Nf6 12. Qc2 Bd6 13. b3 e5 14. dxe5 Bxe5 15. Nxe5 Rxe5 16. Bb2 Bf5 17. Qc3 Re2 18. Rad1 Qb6 19. Rd2 Rae8 20. Bf3 R2e6 21. Kg2 Be4 22. Bxe4 Rxe4 23. Rd6 R4e6 24. Rfd1 Nh5 25. Qf3 Re2 26. Bd4 Qa5 27. Rd7 Nf6 28. Bxf6 gxf6 29. Qxf6 Qh5 30. R1d4 Rxf2+ 31. Qxf2 Re2 32. Rxf7 Rxf2+ 33. Rxf2 Qg5 34. Rff4 h5 35. h3 Qe7 36. Rfe4 Qa3 37. Rd2 Qb4 38. Rd7 Kf8 39. Re2 b5 40. cxb5 cxb5 41. Rxa7 Qc5 42. Rae7 Qd5+ 43. Kh2 Qc5 44. R7e5 Qc3 45. Rxh5 1-0

[Event "Mediterranean op 3rd"]
[Site "Rijeka"]
[Date "2009.11.27"]
[Round "1"]
[White "Doric, Nenad"]
[Black "Grguric, Daria"]
[Result "1-0"]
[WhiteElo "2344"]
[BlackElo "1884"]
[PlyCount "75"]
[EventDate "2009.11.27"]
[EventType "swiss"]
[EventRounds "9"]
[EventCountry "CRO"]
[SourceTitle "CBM 133 Extra"]
[Source "ChessBase"]
[SourceDate "2010.01.05"]
[SourceVersion "1"]
[SourceVersionDate "2010.01.05"]
[SourceQuality "1"]

1. Nf3 e6 2. c4 Nf6 3. Nc3 Be7 4. e4 0-0 5. d4 d5 6. e5 Ne8 7. Qc2 dxc4 8. Bxc4 Nc6 9. Be3 Nb4 10. Qb3 c6 11. 0-0 b5 12. Be2 a6 13. Rac1 Bb7 14. a3 Nd5 15. Ne4 h6 16. Nc5 Bxc5 17. Rxc5 Nec7 18. Bd3 Nb6 19. Bb1 Nd7 20. Qc2 g6 21. Bxh6 Nxc5 22. Bxf8 Qxf8 23. Qxc5 Nd5 24. Be4 Rd8 25. Qxf8+ Kxf8 26. Rc1 Ke7 27. Kf1 a5 28. Bxd5 Rxd5 29. Ke2 b4 30. Rc5 Rxc5 31. dxc5 bxa3 32. bxa3 a4 33. Kd3 Ba6+ 34. Kc3 Bf1 35. g3 f6 36. Kd4 Bb5 37. h4 f5 38. Kc3 1-0

[Event "CRO-chT U16 Girls"]
[Site "Nasice"]
[Date "2008.12.27"]
[Round "1"]
[White "Ostojic, Ksenija"]
[Black "Grguric, Daria"]
[Result "1/2-1/2"]
[WhiteElo "1729"]
[BlackElo "1896"]
[PlyCount "69"]
[EventDate "2008.12.27"]
[EventType "team-tourn"]
[EventRounds "7"]
[EventCountry "CRO"]
[SourceTitle "CBM 128 Extra"]
[Source "ChessBase"]
[SourceDate "2009.03.05"]
[SourceVersion "2"]
[SourceVersionDate "2009.03.25"]
[SourceQuality "1"]

1. e4 e6 2. d4 d5 3. Nd2 a6 4. e5 c5 5. c3 c4 6. f4 Ne7 7. Ndf3 Nec6 8. Ne2 Be7 9. Ng3 b5 10. Be2 a5 11. a3 Qb6 12. Be3 Na6 13. 0-0 Nc7 14. Qc2 h5 15. h4 g6 16. Ng5 Rb8 17. b4 cxb3 18. Qxb3 b4 19. axb4 axb4 20. Rfb1 0-0 21. Qc2 b3 22. Qd3 Bxg5 23. fxg5 Na5 24. Bd1 Ba6 25. Qd2 Nc4 26. Qf2 b2 27. Ra2 Nb5 28. Raxb2 Nxb2 29. Qxb2 Nxc3 30. Qxb6 Rxb6 31. Rxb6 Nxd1 32. Rxa6 Nxe3 33. Kf2 Nc4 34. Ne2 Rb8 35. Ra2 1/2-1/2

[Event "CRO-chT (Women) 17th"]
[Site "Sibenik"]
[Date "2008.10.04"]
[Round "8"]
[White "Zelic, Marina"]
[Black "Grguric, Daria"]
[Result "0-1"]
[WhiteElo "2046"]
[BlackElo "1896"]
[PlyCount "68"]
[EventDate "2008.09.27"]
[EventType "team"]
[EventRounds "9"]
[EventCountry "CRO"]
[SourceTitle "CBM 126 Extra"]
[Source "ChessBase"]
[SourceDate "2008.11.05"]
[SourceVersion "1"]
[SourceVersionDate "2008.11.05"]
[SourceQuality "1"]

1. e4 e6 2. d4 d5 3. e5 c5 4. c3 Bd7 5. Qg4 cxd4 6. cxd4 Qb6 7. Nc3 Ne7 8. Bd3 Nbc6 9. Nge2 a6 10. 0-0 0-0-0 11. a3 f6 12. Na4 Qc7 13. exf6 gxf6 14. Nc5 e5 15. Nxd7 Qxd7 16. Qh4 Qe6 17. Bd2 e4 18. Bc2 Nf5 19. Nf4 Nxh4 20. Nxe6 Re8 21. Nxf8 Rhxf8 22. Rac1 Rg8 23. Bf4 Nxg2 24. Bg3 Nf4 25. Bd1 f5 26. Kh1 Nd3 27. Rc2 f4 28. Bh4 Kd7 29. Bh5 Ref8 30. b4 Nxd4 31. Rc3 Nf5 32. h3 Nxh4 33. Bg4+ Kd6 34. Be2 Rc8 0-1

[Event "CRO-chT U20 17th"]
[Site "Sv Filip i Jakov"]
[Date "2008.03.28"]
[Round "8"]
[White "Grguric, Daria"]
[Black "Kruljac, Petra"]
[Result "0-1"]
[WhiteElo "1885"]
[BlackElo "2062"]
[PlyCount "68"]
[EventDate "2008.03.25"]
[EventType "team-tourn"]
[EventRounds "11"]
[EventCountry "CRO"]
[SourceTitle "EXT 2010"]
[Source "ChessBase"]
[SourceDate "2010.11.25"]
[SourceVersion "1"]
[SourceVersionDate "2010.11.25"]
[SourceQuality "1"]

1. d4 d6 2. c4 e5 3. e3 Nd7 4. Nc3 g6 5. Nf3 Bg7 6. Be2 Ngf6 7. Qc2 0-0 8. d5 a5 9. 0-0 h6 10. Bd2 Nc5 11. e4 Nh5 12. Be3 b6 13. Nd2 Nf4 14. Bxf4 exf4 15. Rad1 Qe7 16. Rfe1 g5 17. h3 Bd7 18. Bf3 Rae8 19. Nb3 Nxb3 20. axb3 Be5 21. Qe2 Qf6 22. Rd3 Re7 23. Bg4 Bxg4 24. Qxg4 Bxc3 25. bxc3 Qg6 26. Qe2 f5 27. f3 fxe4 28. fxe4 Rfe8 29. Rd4 h5 30. Qf3 Rf8 31. g3 g4 32. hxg4 hxg4 33. Qd3 f3 34. Rf1 Qh5 0-1

[Event "CRO-chT U20 17th"]
[Site "Sv Filip i Jakov"]
[Date "2008.03.27"]
[Round "6"]
[White "Grguric, Daria"]
[Black "Petrusic, Branimir"]
[Result "1/2-1/2"]
[WhiteElo "1885"]
[BlackElo "1901"]
[PlyCount "70"]
[EventDate "2008.03.25"]
[EventType "team-tourn"]
[EventRounds "11"]
[EventCountry "CRO"]
[SourceTitle "EXT 2010"]
[Source "ChessBase"]
[SourceDate "2010.11.25"]
[SourceVersion "1"]
[SourceVersionDate "2010.11.25"]
[SourceQuality "1"]

1. d4 d5 2. c4 e6 3. Nc3 Nf6 4. cxd5 exd5 5. Bg5 Be7 6. e3 Nbd7 7. Qc2 c6 8. Bd3 Nf8 9. Nf3 Ng6 10. Rb1 0-0 11. 0-0 Re8 12. h3 Ne4 13. Bxe7 Qxe7 14. b4 Nh4 15. Nxh4 Qxh4 16. Bxe4 dxe4 17. Kh2 Bf5 18. Ne2 g5 19. Ng1 Qh6 20. Qc5 Bd7 21. Rbc1 b6 22. Qc4 g4 23. Qe2 Kh8 24. Qb2 f6 25. Qc2 Re7 26. Rfd1 Rg8 27. d5 gxh3 28. g3 cxd5 29. Rxd5 Qg6 30. Qc7 Qg4 31. Rcd1 Rc8 32. Qxa7 Rc2 33. R5d2 Rxd2 34. Rxd2 b5 35. Qb8+ Kg7 1/2-1/2

[Event "CRO-chT U20 17th"]
[Site "Sv Filip i Jakov"]
[Date "2008.03.26"]
[Round "4"]
[White "Grguric, Daria"]
[Black "Ivekovic, Josip"]
[Result "1-0"]
[WhiteElo "1885"]
[BlackElo "2089"]
[PlyCount "37"]
[EventDate "2008.03.25"]
[EventType "team-tourn"]
[EventRounds "11"]
[EventCountry "CRO"]
[SourceTitle "EXT 2010"]
[Source "ChessBase"]
[SourceDate "2010.11.25"]
[SourceVersion "1"]
[SourceVersionDate "2010.11.25"]
[SourceQuality "1"]

1. d4 d5 2. c4 c6 3. Nf3 Nf6 4. Nc3 Bf5 5. Bf4 e6 6. e3 Nbd7 7. Be2 h6 8. cxd5 exd5 9. a3 Be7 10. 0-0 0-0 11. b4 a6 12. Qb3 Nh5 13. Bg3 Nxg3 14. hxg3 Nf6 15. Na4 Ne4 16. Rfc1 Qc7 17. Qxd5 Qxg3 18. Qxe4 Qg6 19. Qxe7 1-0

[Event "CRO-chT U20 17th"]
[Site "Sv Filip i Jakov"]
[Date "2008.03.25"]
[Round "2"]
[White "Kukuljan, Vlatko"]
[Black "Grguric, Daria"]
[Result "1/2-1/2"]
[WhiteElo "1898"]
[BlackElo "1885"]
[PlyCount "106"]
[EventDate "2008.03.25"]
[EventType "team-tourn"]
[EventRounds "11"]
[EventCountry "CRO"]
[SourceTitle "EXT 2010"]
[Source "ChessBase"]
[SourceDate "2010.11.25"]
[SourceVersion "1"]
[SourceVersionDate "2010.11.25"]
[SourceQuality "1"]

1. d4 e6 2. Nf3 d5 3. Bf4 Nf6 4. e3 Be7 5. h3 c5 6. c3 Nc6 7. Bd3 0-0 8. Nbd2 Re8 9. Ne5 cxd4 10. exd4 Bd6 11. Ndf3 Qc7 12. 0-0 b6 13. Re1 Bb7 14. Rc1 Rac8 15. Bb1 Ne4 16. g3 f6 17. Nd3 e5 18. dxe5 Nxe5 19. Ndxe5 fxe5 20. Be3 Nf6 21. Kh2 Qc6 22. Rg1 Rf8 23. Ng5 Rce8 24. Nf3 Bc5 25. Nd2 Bxe3 26. fxe3 Nd7 27. Qe2 e4 28. Rcf1 Ne5 29. a3 Qd7 30. Ba2 Bc8 31. Qg2 Nf3+ 32. Rxf3 exf3 33. Nxf3 Rxf3 34. Rd1 Qxh3+ 35. Qxh3 Bxh3 36. Bxd5+ Rf7 37. Kxh3 Rxe3 38. Kg4 Kf8 39. Bxf7 Kxf7 40. Rd7+ Re7 41. Rd2 h6 42. Kf4 Kg6 43. Rd6+ Kh5 44. Rd5+ Kg6 45. Rd2 Kf6 46. Rd6+ Kf7 47. Kf5 Rc7 48. Rd4 Re7 49. c4 g6+ 50. Kf4 Kf6 51. Rd6+ Kf7 52. b4 Rc7 53. Rd4 Kf6 1/2-1/2

[Event "CRO-chT (Women)"]
[Site "Sibenik"]
[Date "2007.10.18"]
[Round "6"]
[White "Grguric, Daria"]
[Black "Medic, Mirjana"]
[Result "1/2-1/2"]
[WhiteElo "1841"]
[BlackElo "2240"]
[PlyCount "229"]
[EventDate "2007.10.13"]
[EventType "team"]
[EventRounds "9"]
[EventCountry "CRO"]
[SourceTitle "EXT 2008"]
[Source "ChessBase"]
[SourceDate "2007.11.25"]
[SourceVersion "1"]
[SourceVersionDate "2007.11.25"]
[SourceQuality "1"]

1. d4 e6 2. Nf3 f5 3. e3 Nf6 4. Bd3 b6 5. Nbd2 Bb7 6. c4 Be7 7. Qc2 Na6 8. a3 c5 9. b3 Rc8 10. Qb2 0-0 11. 0-0 Qe8 12. d5 exd5 13. Bxf5 Ne4 14. Qe5 Bf6 15. Qxe8 Rcxe8 16. Ra2 Nc3 17. Rc2 Re7 18. Bd3 Nc7 19. Bb2 Ne4 20. Bxf6 Nxf6 21. h3 g6 22. Rd1 dxc4 23. Bxc4+ d5 24. Bf1 Rc8 25. Rdc1 Ba6 26. Bxa6 Nxa6 27. Nd4 Rce8 28. N4f3 Nc7 29. Rd1 Nb5 30. Nb1 Rc8 31. a4 Nc7 32. Nc3 Na6 33. Na2 Nb8 34. Ne1 Nc6 35. Nf3 Na5 36. Nd2 Rec7 37. Rdc1 Nc6 38. Nf3 Rd7 39. Rd1 Rcd8 40. Rcd2 d4 41. exd4 Nxd4 42. Nxd4 cxd4 43. Rd3 a5 44. Nc1 Ne4 45. Ne2 Nc5 46. Rxd4 Rxd4 47. Rxd4 Re8 48. Nf4 Nxb3 49. Rd6 Re4 50. Nd5 Rxa4 51. Rxb6 Nc5 52. f3 Kf7 53. Rc6 Nd3 54. Ra6 Ra1+ 55. Kh2 Ra2 56. h4 Ne1 57. Nf4 Nxf3+ 58. Kg3 Nd4 59. Ra7+ Kf6 60. Rxh7 Nf5+ 61. Kh3 Ra3+ 62. Kh2 Ra4 63. g3 Ra2+ 64. Kh3 Ra3 65. Nd5+ Ke5 66. Ne7 Rxg3+ 67. Kh2 Rg4 68. Nxg6+ Rxg6 69. Ra7 Kf4 70. Rxa5 Ne3 71. Ra4+ Kf3 72. Ra2 Ng4+ 73. Kg1 Nf2+ 74. Kf1 Nd3 75. Ra3 Ke3 76. h5 Rg4 77. h6 Rh4 78. Ra6 Kf3 79. Rg6 Rh1+ 80. Rg1 Rxh6 81. Rg7 Rb6 82. Rf7+ Nf4 83. Re7 Rb1+ 84. Re1 Rb2 85. Re8 Rh2 86. Rg8 Rh7 87. Ke1 Rd7 88. Rf8 Rd6 89. Rf7 Ke3 90. Re7+ Ne6 91. Re8 Ra6 92. Kd1 Kd3 93. Kc1 Nd4 94. Rb8 Rc6+ 95. Kb1 Kc3 96. Rb7 Nb3 97. Ra7 Nc5 98. Ra3+ Kb4 99. Ra8 Kc3 100. Ra3+ Nb3 101. Ra8 Rc7 102. Ra6 Rb7 103. Rc6+ Nc5+ 104. Kc1 Rb5 105. Rc8 Ra5 106. Kd1 Kd3 107. Rd8+ Ke3 108. Re8+ Ne4 109. Kc2 Rc5+ 110. Kb3 Rc6 111. Kb4 Kd4 112. Rd8+ Nd6 113. Kb3 Rb6+ 114. Kc2 Rc6+ 115. Kb3 1/2-1/2

[Event "CRO-chT (Women)"]
[Site "Sibenik"]
[Date "2007.10.14"]
[Round "2"]
[White "Grguric, Daria"]
[Black "Jelica, Mara"]
[Result "0-1"]
[WhiteElo "1841"]
[BlackElo "2175"]
[PlyCount "64"]
[EventDate "2007.10.13"]
[EventType "team"]
[EventRounds "9"]
[EventCountry "CRO"]
[SourceTitle "EXT 2008"]
[Source "ChessBase"]
[SourceDate "2007.11.25"]
[SourceVersion "1"]
[SourceVersionDate "2007.11.25"]
[SourceQuality "1"]

1. d4 Nf6 2. c4 g6 3. Nc3 Bg7 4. Bg5 d6 5. Nf3 0-0 6. e3 Nbd7 7. h3 c6 8. Be2 h6 9. Bh4 Qc7 10. 0-0 e5 11. Qc2 Re8 12. Bg3 Nh5 13. Bh2 Nf8 14. c5 dxc5 15. Nxe5 Qe7 16. Bxh5 gxh5 17. Rad1 Nh7 18. Kh1 Ng5 19. f4 cxd4 20. exd4 Nh7 21. d5 Qc5 22. Nxf7 cxd5 23. Qg6 Qc6 24. Nxh6+ Kh8 25. Nf7+ Kg8 26. Qxh5 d4 27. Nd6 Bxh3 28. Qxh3 Qxd6 29. f5 Qc6 30. Nb1 Re2 31. Qb3+ Kh8 32. Rd2 Qxg2# 0-1

[Event "CRO-ch U15 16th"]
[Site "Sibenik"]
[Date "2007.08.29"]
[Round "5"]
[White "Grguric, Daria"]
[Black "Ivekovic, Ana"]
[Result "0-1"]
[WhiteElo "1841"]
[BlackElo "1720"]
[PlyCount "66"]
[EventDate "2007.08.27"]
[EventType "swiss"]
[EventRounds "9"]
[EventCountry "CRO"]
[SourceTitle "CBM 120 Extra"]
[Source "ChessBase"]
[SourceDate "2007.11.01"]
[SourceVersion "1"]
[SourceVersionDate "2007.11.01"]
[SourceQuality "1"]

1. d4 Nf6 2. c4 e6 3. Nc3 Bb4 4. Qc2 c5 5. dxc5 Bxc5 6. Bg5 Bxf2+ 7. Kd1 Bc5 8. Nf3 Be7 9. Bxf6 Bxf6 10. e4 Nc6 11. a3 0-0 12. Bd3 Ne5 13. Nxe5 Bxe5 14. Qe2 Bxc3 15. bxc3 e5 16. Kc2 d6 17. Rhf1 Be6 18. Rab1 Qc7 19. Rfd1 Rac8 20. h3 Rfd8 21. Rb4 a6 22. a4 a5 23. Rb5 Bd7 24. Rb2 Bxa4+ 25. Kd2 Bxd1 26. Qxd1 b6 27. Qb1 Rb8 28. Rb5 Qa7 29. Qb3 Rdc8 30. Qa3 Rc5 31. Qa4 Rxb5 32. cxb5 Qc7 33. c4 Qc5 0-1

[Event "CRO-chT U20 16th"]
[Site "Sv Filip i Jakov"]
[Date "2007.04.15"]
[Round "11"]
[White "Grguric, Daria"]
[Black "Kruljac, Petra"]
[Result "1/2-1/2"]
[WhiteElo "1930"]
[BlackElo "2031"]
[PlyCount "32"]
[EventDate "2007.04.10"]
[EventType "team-tourn"]
[EventRounds "11"]
[EventCountry "CRO"]
[SourceTitle "EXT 2010"]
[Source "ChessBase"]
[SourceDate "2010.11.25"]
[SourceVersion "1"]
[SourceVersionDate "2010.11.25"]
[SourceQuality "1"]

1. d4 d5 2. c4 c6 3. cxd5 cxd5 4. Nc3 Nf6 5. Bf4 a6 6. e3 Nc6 7. Bd3 e6 8. Rc1 Bd6 9. Bxd6 Qxd6 10. f4 b5 11. Nf3 Bb7 12. 0-0 0-0 13. Ne5 Na5 14. g4 Ne4 15. g5 Rac8 16. Rf3 f6 1/2-1/2